Monarchy : behind the scenes with the royal family
| Main Author: | |
|---|---|
| Format: | Book |
| Published: |
London :
BBC Books ,
1987
|
| Subjects: |
MARC
| LEADER | 00000cam a2200000 7i4500 | ||
|---|---|---|---|
| 001 | 0000005366 | ||
| 002 | 000005797 | ||
| 005 | 20000330.0 | ||
| 020 | |a 0563205342 | ||
| 090 | 0 | 0 | |a 920 |b HOE |
| 100 | 1 | |a Hoey, Brian | |
| 245 | 1 | 0 | |a Monarchy : |b behind the scenes with the royal family |c Brian Hoey |
| 260 | |a London : |b BBC Books , |c 1987 | ||
| 300 | |a 160p. ; |c 23cm. | ||
| 600 | 0 | 0 | |a Queen Elizabeth |x Biography |
| 999 | |a 032810 |b BUKU |c PINJAMAN |e PERPUSTAKAAN KOMUNITI PETALING JAYA | ||